| 000 | 00682nam a22002057a 4500 | ||
|---|---|---|---|
| 003 | OSt | ||
| 005 | 20251024020510.0 | ||
| 008 | 251014b |||||||| |||| 00| 0 eng d | ||
| 020 | _a13: 978-1-4180-4847-1. | ||
| 040 |
_aDWCL-Main lib _cOC |
||
| 082 | _aCirc. 343.73 W586c 2008 | ||
| 100 | _aWhite, Nancy J. | ||
| 245 | _aConstruction law for managers, architects, and engineers | ||
| 260 |
_aAustralia : _bThomson/ Delmar Learning, _cc2008. |
||
| 300 |
_axiii, 511 pages : _billustration ; _c24 cm. |
||
| 504 | _aIncludes index. | ||
| 650 | _21. Construction contracts-Law and legislation. | ||
| 650 | _22. Construction contracts-United States. | ||
| 942 |
_2ddc _cBK-CIRC _kCirc. _n0 |
||
| 999 |
_c4892 _d4892 |
||